| 000 | 00874nam a2200253 i 4500 | ||
|---|---|---|---|
| 001 | 185974 | ||
| 003 | SpMaBN | ||
| 005 | 20230906222545.0 | ||
| 008 | 160831s1977 ve |||| |bspa d | ||
| 080 | _a929 Borges, Jorge Luis | ||
| 100 | 1 |
_aVázquez, María Esther. _9113379 |
|
| 245 | 1 | 0 |
_aBorges: imágenes, memorias, diálogos / _cMaría Esther Vázquez ; [prólogo, Jorge Luis Borges]. |
| 260 |
_aCaracas : _bMonte Avila, _c[1977] |
||
| 300 |
_a243 p. ; _c18 cm. |
||
| 490 | 1 | _aEstudios | |
| 500 | _aCronología. | ||
| 504 | _aBibliografía: p. 233-240. | ||
| 594 | _aRecoge una serie de entrevistas realizadas a J.L. Borges. | ||
| 600 | 1 | 7 |
_aBorges, Jorge Luis- _xBiografías. _9145283 |
| 600 | 1 | 4 |
_aBorges, Jorge Luis- _vEntrevistas. _930463 |
| 830 | 0 |
_aEstudios _9177349 |
|
| 852 |
_aES-MaACL _jL-30587 _z. - Donat. Miguel A. Velasco |
||
| 999 |
_c185974 _d185974 |
||